Tables of spectral lines /

Bibliographic Details
Main Author: Zaĭdelʹ, A. N. (Aleksandr Natanovich)
Format: Book
Language:English
Russian
Published: New York : IFI/Plenum, 1970.
Edition:[3d ed., rev. and enl.].
Subjects:

MARC

Tag First Indicator Second Indicator Subfields
LEADER 00000cam a2200000 4500
001 in00000683032
005 20151015161030.0
008 701008s1970 nyu b 00010 eng
010 |a  70120028  
020 |a 0306651513 
035 |a (OCoLC)00110204 
035 |9 ACZ3411AM 
040 |a DLC  |c DLC  |d TXA  |d UtOrBLW 
041 1 |a eng  |a rus 
049 |a TXAM  |c [1498693] 
050 0 0 |a QC453  |b .Z313 1970 
082 0 |a 535/.84/0212 
100 1 |a Zaĭdelʹ, A. N.  |q (Aleksandr Natanovich) 
240 1 0 |a Tablitsy spektralnykh linii. English 
245 1 0 |a Tables of spectral lines /  |c [by] A. N. Zaidel [and others]. 
250 |a [3d ed., rev. and enl.]. 
264 1 |a New York :  |b IFI/Plenum,  |c 1970. 
300 |a 782 pages ;  |c 26 cm. 
336 |a text  |b txt  |2 rdacontent 
337 |a unmediated  |b n  |2 rdamedia 
338 |a volume  |b nc  |2 rdacarrier 
500 |a Translation of Tablitsy spektralnykh linii (romanized form) 
504 |a Bibliography: pages [15]-34. 
650 0 |a Spectrum analysis  |v Tables. 
999 |a MARS 
999 f f |s 13330986-a92a-398f-8c65-3de63a8c92ce  |i 5a3b1410-1f0f-31e9-975e-f132b148baa5  |t 0 
952 f f |p ric  |a Texas A&M University  |b Rellis Campus  |c Joint Library Facility  |d Remote Storage  |t 0  |e QC453 .Z313 1970  |h Library of Congress classification  |i unmediated -- volume  |m A14804627330 
998 f f |a QC453 .Z313 1970  |t 0  |l Remote Storage